[Event "8th Danzhou Super GM 2017"]
[Site "Hainan"]
[Date "2017.07.11"]
[Round "3"]
[White "Naiditsch, Arkadij"]
[Black "Ivanchuk, Vassily"]
[Result "1/2-1/2"]
[WhiteElo "2712"]
[BlackElo "2729"]
[Annotator "TA"]
[PlyCount "93"]
[EventDate "2017.??.??"]
[EventCountry "CHN"]
[SourceTitle "playchess.com"]
[Source "ChessBase"]
[SourceQuality "1"]

{[%evp 17,93,25,21,20,20,20,22,23,31,32,38,37,50,39,106,25,31,31,21,0,0,0,0,0,0,0,31,0,0,0,0,-3,-3,-9,18,-4,-16,-31,15,8,8,8,8,8,8,9,8,6,4,6,8,2,2,0,3,0,0,0,0,0,0,0,0,0,0,0,0,0,0,0,0,0,0,0,0,0,0,0]} 1. e4 c5 2. Nf3 e6 3. d4 cxd4 4. Nxd4 a6 5. c4 Nf6 6. Nc3 Qc7 7. Be2 Bb4 8. O-O O-O {B41: Sicilian: Kan Variation: 5 c4} 9. Qd3 d6 {LiveBook: 5 Games} (9... Nc6 10. Nxc6 dxc6 11. Bg5 Be7 12. Be3 b5 13. Rac1 b4 14. Nb1 c5 {0-1 (61) Anand,V (2779)-Ivanchuk,V (2747) Doha 2016}) 10. Bd2 Nbd7 11. Nb3 $146 ({Predecessor:} 11. Qg3 Nc5 12. f3 e5 13. Nc2 Bxc3 14. bxc3 Be6 15. Rab1 Qa5 16. Nb4 Na4 17. Nd5 Bxd5 18. cxd5 Nxc3 19. Bxc3 Qxc3 20. Rxb7 Rfb8 21. Rxb8+ Rxb8 22. Qe1 {½-½ (22) Kuerten,D (2086)-Pohjosmaki,R (2252) ICCF email 2009}) 11... Ne5 12. Qd4 Nc6 13. Qe3 Bd7 14. Rac1 Rac8 15. a3 Na5 (15... Bxc3 $14 16. Bxc3 (16. Rxc3 h6 $14) 16... e5) 16. Na1 (16. Nxa5 $16 Bxa5 17. b4) 16... Bc5 $11 17. Qg3 {[#] Black must now prevent b4.} Bd4 18. Nc2 (18. Bh6 $5 {[%cal Rg3g7]} Ne8 19. Be3 Bxe3 20. Qxe3 $11) 18... Be5 19. f4 Bxc3 $1 20. Bxc3 e5 $1 21. Bd3 {[%cal Rf4e5]} Qb6+ ({Much weaker is} 21... Nxc4 $6 22. fxe5 Nh5 23. Qf3 $16) (21... Nh5 {is interesting.} 22. Qh4 Nxf4 23. Rxf4 exf4 24. Bxg7 Kxg7 25. Qg5+ Kh8) 22. Kh1 (22. Qe3 {feels hotter.} Qd8 23. fxe5 dxe5 24. Bxa5 Qxa5 25. h3) 22... Nxc4 23. fxe5 dxe5 24. Bxc4 Rxc4 25. Qxe5 Ba4 26. Nb4 (26. b3 $5 Bxb3 27. Nd4 $11) 26... Qe6 27. Qg3 Qg4 {White should prevent ...Qxg3.} (27... Bb5 {with more complications.} 28. Bxf6 Qxf6 29. Nd5 Qe6 30. Rxc4 Bxc4 31. Rd1 Bb5) 28. Bxf6 {The position is equal.} Rxc1 29. Rxc1 (29. Qxg4 $2 {is a self mate.} Rxf1#) 29... Qxg3 30. hxg3 {[#] Hoping for Be7.} gxf6 {[%mdl 4096] Endgame KRB-KRN} 31. Rc7 Rb8 32. Kg1 Kg7 33. Kf2 a5 34. Nd5 Bc6 35. g4 Rd8 36. Ke3 Bxd5 37. exd5 Rxd5 38. Rxb7 {KR-KR} Rg5 39. Kf4 h5 40. gxh5 {Strongly threatening g4.} Rxg2 41. Rb5 a4 42. Rb4 (42. b3 $5 {[%cal Rb3a4]}) 42... Kh6 43. Kf3 Rh2 44. Rxa4 Rxb2 45. Ra5 f5 46. Rxf5 {Threatens to win with a4.} Rb3+ 47. Ke4 {Precision: White = 53%, Black = 71%.} 1/2-1/2

[Event "8th Danzhou Super GM 2017"]
[Site "Hainan"]
[Date "2017.07.11"]
[Round "3"]
[White "Wang, Hao"]
[Black "Malakhov, Vladimir"]
[Result "1/2-1/2"]
[WhiteElo "2698"]
[BlackElo "2722"]
[Annotator "TA"]
[PlyCount "58"]
[EventDate "2017.??.??"]
[EventCountry "CHN"]
[SourceTitle "playchess.com"]
[Source "ChessBase"]
[SourceQuality "1"]

{[%evp 20,58,0,0,0,0,0,0,0,0,0,0,0,-25,-23,-26,-25,-26,-3,-3,-11,-11,-8,-14,-13,-15,14,12,15,8,17,0,0,6,5,5,0,0,0,0,1]} 1. e4 e5 2. Nf3 Nc6 3. d4 exd4 4. Nxd4 Bc5 5. Nb3 Bb6 6. Nc3 Nf6 7. Qe2 {C45: Scotch Game} a5 8. a4 O-O 9. Bg5 h6 10. Bh4 Nd4 11. Qd3 {LiveBook: 6 Games} Nxb3 12. cxb3 c6 13. O-O-O {Black must now prevent e5.} d5 14. exd5 cxd5 15. Nxd5 {[#]} g5 $146 {[#] Strongly threatening ...Nxd5.} 16. Bg3 ({Much worse is} 16. Nxb6 Qxb6 17. Bg3 (17. Qd6 Qxb3 18. Rd3 Qxa4 $17) 17... Bg4 $15) 16... Be6 {[%cal Rd8d5]} 17. Nxb6 Qxb6 18. Qb5 Rac8+ 19. Kb1 {The position is equal.} Qxb5 20. Bxb5 Bxb3 21. Rd6 Ne4 22. Rxh6 Rc2 23. Bd3 $1 {[%csl LRc2,LRe4]} Nxg3 24. hxg3 Rd2 $1 {[%cal Rd2d3]} 25. R6h5 {[%cal Rh5g5] [#]} Kg7 26. Rxg5+ Kf6 $132 {[%mdl 2048] Black is fighting back} 27. Rf5+ Kg7 $1 {Hoping for ...Rd8.} 28. Rg5+ Kf6 29. Rf5+ Kg7 $1 {Precision: White = 76%, Black = 76%.} 1/2-1/2

[Event "8th Danzhou Super GM 2017"]
[Site "Hainan"]
[Date "2017.07.11"]
[Round "3"]
[White "Lu, Shanglei"]
[Black "Ding, Liren"]
[Result "0-1"]
[WhiteElo "2638"]
[BlackElo "2781"]
[Annotator "TA"]
[PlyCount "80"]
[EventDate "2017.??.??"]
[EventCountry "CHN"]
[SourceTitle "playchess.com"]
[Source "ChessBase"]
[SourceQuality "1"]

{[%evp 18,80,6,0,6,-1,8,0,40,16,30,28,54,39,24,0,5,0,0,0,0,0,6,0,0,0,0,0,6,8,11,0,0,0,0,0,0,-8,-6,0,-4,-7,0,-18,-15,-43,-6,-98,-87,-189,-204,-1053,-718,-29983,-29984,-29984,-29985,-29985,-29986,-29986,-29981,-29983,-29983,-29982,-29983]} 1. e4 e5 2. Nf3 Nc6 3. Bc4 Nf6 4. d3 Bc5 5. O-O O-O 6. Re1 Ng4 7. Rf1 Nf6 8. c3 d6 9. Nbd2 a5 {C54: Giuoco Piano: 4 c3 Nf6, main lines with 5 d4 and 5 d3} 10. Re1 {LiveBook: 4 Games} (10. Bb3 Be6 11. Ba4 Qb8 12. Bxc6 bxc6 13. d4 Ba7 14. b3 Nd7 15. Bb2 a4 16. c4 {½-½ (40) Anand,V (2776)-Aronian,L (2795) Moscow 2016}) 10... Ng4 {[%cal Bf6g4,Bg4h6,Bh6f5][%mdl 32]} 11. Re2 Kh8 {The position is equal.} 12. h3 Nh6 $146 ({Predecessor:} 12... Nxf2 13. Rxf2 Bxf2+ 14. Kxf2 f5 15. Kg1 f4 16. Qe1 g5 17. d4 {0-1 (30) Waechter,N (1754)-Benzen,M (1927) Germany 2014}) 13. Nf1 f5 $1 14. Bg5 (14. Bxh6 $5 gxh6 15. exf5 $11) 14... Qe8 15. d4 Bb6 16. exf5 (16. Bxh6 $5 gxh6 17. exf5 $14) 16... Nxf5 17. dxe5 Nxe5 18. Nxe5 dxe5 19. Bd3 Qh5 20. Qd2 h6 21. Bxf5 Bxf5 ({Reject} 21... Rxf5 $6 22. Be3 $16) 22. Be3 Rad8 $132 {[%mdl 2048] Black has counterplay} 23. Qe1 Bd3 24. Ng3 Qg6 25. Bxb6 Qxb6 26. Rd2 {[#] Strongly threatening Rad1.} e4 $1 {[%mdl 512]} 27. Nxe4 Bxe4 28. Rxd8 Rxd8 29. Qxe4 Qxb2 $11 {[%mdl 4096] Endgame KQR-KQR} 30. Rb1 Qxa2 {Black wants to play ...b6.} 31. Qxb7 a4 {[%cal Ba5a4,Ba4a3][%mdl 32] aiming for ...a3.} 32. Kh2 (32. Rb4 $11) 32... a3 $17 33. Rb4 (33. Qb3 $17 Qxb3 34. Rxb3) 33... Qxf2 $19 34. Qxc7 $2 (34. Ra4) 34... Rd1 {( -> ...Qg1+)} 35. Qe5 Qg1+ {Black mates.} 36. Kg3 Rd3+ 37. Kh4 Qf2+ ({Avoid the trap} 37... Qxg2 $2 38. Rb8+ Kh7 39. Qf5+ Qg6 {[#]} 40. Rh8+ $1 {[%mdl 512]} Kxh8 41. Qxg6 $18) 38. g3 {[#]} Rxg3 $1 {[%mdl 512]} 39. Qxg3 g5+ 40. Kg4 {[#]} h5+ $1 {[%mdl 512] Precision: White = 30%, Black = 84%.} 0-1

[Event "8th Danzhou Super GM 2017"]
[Site "Hainan"]
[Date "2017.07.12"]
[Round "4"]
[White "Ding, Liren"]
[Black "Wei, Yi"]
[Result "1/2-1/2"]
[WhiteElo "2781"]
[BlackElo "2738"]
[Annotator "TA"]
[PlyCount "127"]
[EventDate "2017.??.??"]
[EventCountry "CHN"]
[SourceTitle "playchess.com"]
[Source "ChessBase"]
[SourceQuality "1"]

{[%evp 13,127,11,25,22,14,16,3,4,12,22,17,11,5,9,16,6,4,7,0,0,0,0,2,6,6,18,20,0,0,0,0,0,0,-10,26,0,0,0,0,10,0,-8,18,24,12,15,139,125,135,135,131,105,100,45,45,45,45,45,45,45,45,45,45,45,47,47,47,47,39,44,47,8,16,8,17,12,50,0,0,0,0,0,0,0,0,0,8,8,20,8,24,8,8,8,8,0,4,0,0,0,0,0,0,0,8,8,8,8,0,0,0,0,0,0,0,0]} 1. d4 Nf6 2. c4 e6 3. g3 d5 4. Bg2 Be7 5. Nf3 O-O 6. O-O dxc4 7. Qc2 b5 8. a4 {E05: Open Catalan: 5 Nf3 Be7} b4 9. Nfd2 c6 10. Nxc4 Qxd4 11. Rd1 Qc5 12. b3 (12. Be3 $5 {[%cal Re3c5]} Qh5 13. Nbd2 $11) 12... Ba6 13. Nbd2 Nbd7 14. Bb2 Rad8 ({Don't blunder} 14... Ng4 $2 15. Ne4 $18) 15. Rac1 Nb6 {[#]} 16. Ne5 $146 ({Predecessor:} 16. Bxf6 gxf6 {½-½ (30) Aronian,L (2797)-Nakamura,H (2767) Saint Louis 2014}) 16... Bxe2 17. Re1 Qxc2 18. Rxc2 Bd3 19. Rcc1 $1 Bg6 20. Ndf3 Be4 21. a5 Nc8 $1 22. Nxc6 Bxc6 23. Rxc6 Rd3 24. Re3 (24. Rc2 $5 {[%cal Rf3d4]}) 24... Rd1+ 25. Re1 Rd3 26. Rec1 $36 {[%mdl 2048] White has good play.} Nd6 27. Nd4 (27. Rc7 $5 {[%cal Rc7e7]} Nf5 28. Nh4 Nxh4 29. Rxe7 Nxg2 30. Kxg2 $15) 27... Nd5 28. Bxd5 exd5 29. Re1 Bf6 (29... Ne4 $1 $11 30. Nf5 Bc5 31. Rxe4 Bxf2+ 32. Kxf2 dxe4) 30. Rxd6 $16 {Hoping for Kf1.} Bxd4 31. Bxd4 Rxd4 {[%mdl 4096] Endgame KRR-KRR} 32. a6 Rd3 33. Re3 ({White should try} 33. Re7 $16) 33... Rxe3 $1 $14 34. fxe3 {KR-KR} Rc8 35. Rd7 h5 36. Rxa7 Rc1+ 37. Kf2 Ra1 $1 38. Kf3 ({Don't play} 38. Ra8+ $6 Kh7 $16) 38... Rf1+ $1 39. Ke2 Ra1 40. Kd3 Rd1+ $1 41. Kc2 Ra1 42. Kb2 Ra5 43. Rb7 (43. h3 {keeps more tension.} Kh7 44. Kc2 Ra3 45. Rxf7 Rxa6 46. Rf4) 43... Rxa6 44. Rxb4 Re6 45. Rh4 g6 46. b4 Kf8 47. Kc3 Ke7 48. Kd4 Kd6 49. e4 Re5 50. Rf4 {[#] Strongly threatening Rf6+.} Ke6 {next ...g5 is good for Black.} 51. exd5+ Rxd5+ 52. Kc3 g5 {The position is equal.} 53. Re4+ Kd6 54. Re8 (54. Rd4 $5 {[%cal Rc3c4]} f5 55. Kc4 Rxd4+ 56. Kxd4 $11) 54... Rf5 55. Rh8 h4 56. gxh4 Rf3+ 57. Kc4 Rf4+ 58. Kb5 Rxh4 59. Rxh4 gxh4 $11 {KPP-KPP} 60. Ka6 Kc7 $1 61. Ka7 {[#] b5 is the strong threat.} Kc6 $1 {[%cal Rc6b5]} 62. Ka6 {Black must now prevent b5+.} Kc7 63. Ka7 {Threatens to win with b5.} Kc6 $1 {[%cal Rc6b5] ( -> ...Kb5)} 64. Ka6 {Precision: White = 62%, Black = 82%.} 1/2-1/2

[Event "8th Danzhou Super GM 2017"]
[Site "Hainan"]
[Date "2017.07.12"]
[Round "4"]
[White "Yu, Yangyi"]
[Black "Lu, Shanglei"]
[Result "1-0"]
[WhiteElo "2753"]
[BlackElo "2638"]
[Annotator "TA"]
[PlyCount "69"]
[EventDate "2017.??.??"]
[EventCountry "CHN"]
[SourceTitle "playchess.com"]
[Source "ChessBase"]
[SourceQuality "1"]

{[%evp 24,69,18,15,59,59,66,56,68,66,75,64,64,16,18,29,34,21,24,0,0,0,30,3,27,9,23,23,85,71,185,158,211,191,347,220,215,211,271,263,702,664,671,669,901,802,770,483]} 1. c4 c6 2. Nf3 d5 3. g3 g6 4. Bg2 Bg7 5. cxd5 cxd5 6. d4 Nc6 7. Nc3 Nf6 8. Ne5 O-O 9. O-O e6 10. Bg5 h6 11. Nxc6 bxc6 12. Bf4 Nd7 {D79: Fianchetto Grünfeld: Symmetrical Variation (6 0-0 c6 7 cxd5 cxd5)} 13. Qd2 {[#] LiveBook: 12 Games} Qb6 $146 ({Predecessor:} 13... Kh7 14. e4 Nb6 15. Rad1 a5 16. h4 a4 17. Rfe1 {1-0 (39) Mamedyarov,S (2756)-Van Wely,L (2679) Bastia 2010}) 14. Rfd1 Ba6 {White is slightly better.} 15. Rac1 Rfd8 16. e4 Rac8 17. Na4 ({Of course not} 17. exd5 cxd5 18. Na4 Qb5 $11) 17... Qb5 18. Nc5 Nxc5 19. Rxc5 Qe2 20. Qc1 {[#] Hoping for Bf1.} Qh5 $1 21. a3 g5 22. Be3 $1 Bb5 23. Rd2 Rb8 24. Qc2 Bf8 25. Rc3 Bc4 (25... Rb6 $11) 26. h3 $16 Rb6 (26... Qg6 $16) 27. b3 $18 Ba6 (27... Bb5 $16 {keeps fighting.}) 28. Rxc6 dxe4 $2 {[#]} (28... Rxc6 29. Qxc6 Rd6) 29. Rxb6 ({Weaker is} 29. Qxe4 Bb7 $15) 29... axb6 30. Qxe4 Rc8 31. Kh2 Bd6 $2 (31... g4 32. Qxg4+ Qxg4 33. hxg4 Bb5) 32. d5 {[%cal Bd4d5,Bd5e6][%mdl 32] White is clearly winning.} Bb7 33. Qa4 Rc1 34. Qe8+ Bf8 35. dxe6 {Precision: White = 63%, Black = 20%.} 1-0

[Event "8th Danzhou Super GM 2017"]
[Site "Hainan"]
[Date "2017.07.12"]
[Round "4"]
[White "Ivanchuk, Vassily"]
[Black "Ponomariov, Ruslan"]
[Result "1/2-1/2"]
[WhiteElo "2729"]
[BlackElo "2699"]
[Annotator "TA"]
[PlyCount "73"]
[EventDate "2017.??.??"]
[EventCountry "CHN"]
[SourceTitle "playchess.com"]
[Source "ChessBase"]
[SourceQuality "1"]

{[%evp 9,73,0,13,-19,-22,-15,-14,-5,-4,-4,-4,-3,-16,-25,-17,-18,-15,-29,-15,-20,-14,-18,-11,-14,0,-19,-20,-19,-18,-22,-22,-22,-18,-25,-14,-18,-11,-17,-8,-23,0,0,0,0,0,0,0,0,0,0,0,0,0,0,0,0,0,0,0,0,0,0,0,0,0,0]} 1. e4 e5 2. Nf3 Nc6 3. Bb5 Nf6 4. Nc3 Nd4 5. Ba4 Bc5 6. O-O {C48: Four Knights: 4 Bb5, replies other than 4...Bb4} (6. Nxe5 O-O 7. Nd3 Bb6 8. e5 Ne8 9. O-O d6 10. Re1 Bf5 11. exd6 Nxd6 12. Ne5 c6 13. d3 Qf6 14. Bf4 Rfe8 15. Qd2 h6 16. Bg3 Re7 {1-0 (57) Duda,J (2658)-Leko,P (2707) Berlin 2015}) 6... O-O 7. h3 d6 8. d3 c6 9. Nxd4 Bxd4 10. Bb3 a5 {[#] And now ...Bxc3 would win.} 11. a3 Be6 12. Bxe6 $146 ({Predecessor:} 12. Ne2 Ba7 13. c3 d5 14. Ng3 dxe4 15. dxe4 Qxd1 16. Bxd1 {1-0 (55) Fernandes,A (2440)-Fernandez Garcia,J (2475) Bucaramanga 1992}) 12... fxe6 13. Qe2 Qe8 14. Be3 Nh5 15. Kh2 Nf4 16. Qg4 Rf6 {[#] ...Rg6 is the strong threat.} 17. g3 Bxe3 18. fxe3 Nh5 19. Rf3 Qf7 20. Kg2 Rf8 {[%cal Rf6f3]} 21. Raf1 Rxf3 22. Qxf3 Nf6 23. Nb1 d5 24. Nd2 (24. exd5 {is interesting.} cxd5 25. Nc3 Qc7 26. d4 b5 27. dxe5 Qxe5 28. Qf4) 24... dxe4 (24... Qc7 {seems wilder.} 25. Qe2 Qb6 26. Rb1 dxe4 27. Nxe4 Nd5) 25. Nxe4 {The position is equal.} Nxe4 26. Qxf7+ Rxf7 27. Rxf7 Kxf7 28. dxe4 $11 {[%mdl 4096] Endgame KP-KP} h5 29. Kf3 Ke7 30. g4 Kf6 31. Kg3 hxg4 32. Kxg4 Kg6 33. b4 axb4 34. axb4 b5 35. c3 Kh6 $1 36. Kh4 Kg6 37. Kg4 {Precision: White = 64%, Black = 74%.} 1/2-1/2

[Event "8th Danzhou Super GM 2017"]
[Site "Hainan"]
[Date "2017.07.12"]
[Round "4"]
[White "Malakhov, Vladimir"]
[Black "Le, Quang Liem"]
[Result "0-1"]
[WhiteElo "2722"]
[BlackElo "2726"]
[Annotator "TA"]
[PlyCount "76"]
[EventDate "2017.??.??"]
[EventCountry "CHN"]
[SourceTitle "playchess.com"]
[Source "ChessBase"]
[SourceQuality "1"]

{[%evp 19,76,13,7,18,22,0,0,0,0,-7,-8,-15,-14,-4,-8,-20,-16,-38,-39,-43,-43,-49,-52,-55,-45,-45,-57,-57,-52,-61,-52,-76,-45,-61,-56,-56,-60,-81,-71,-124,-97,-86,-89,-107,-104,-96,-83,-162,-166,-174,-149,-628,-607,-856,-800,-1663,-1594,-1607,-1576]} 1. e4 e5 2. Nf3 Nc6 3. Bc4 Bc5 4. O-O Nf6 5. d3 O-O 6. h3 h6 7. Re1 d6 8. c3 a5 {C54: Giuoco Piano: 4 c3 Nf6, main lines with 5 d4 and 5 d3} 9. a4 Re8 10. Nbd2 Be6 {LiveBook: 3 Games. The position is equal.} 11. Bb5 Bd7 12. Nc4 Ne7 $146 {[#] Strongly threatening ...c6.} ({Predecessor:} 12... Nb8 13. Bxd7 Nbxd7 14. Bd2 Nb6 15. b3 {1-0 (39) Kramnik,V (2789)-Anand,V (2775) Leuven 2017}) 13. Bxd7 Qxd7 14. Be3 Bxe3 15. Rxe3 Ng6 16. Qb3 b6 17. Rae1 Rad8 18. Qd1 Qe6 19. Nfd2 d5 20. exd5 Nxd5 21. Re4 f5 22. Rxe5 $1 Nxe5 23. Nxe5 Nf4 24. Ndf3 c5 25. h4 Qd5 (25... Qf6 $5 {[%cal Rf4d3]} 26. d4 cxd4 27. cxd4 Nd5 $15) 26. Qd2 Nh5 {[%cal Bf4h5,Bh5f6,Bf6e4][%mdl 32]} (26... g5 $5) 27. d4 cxd4 28. cxd4 Nf6 29. b4 (29. Qc2 $142) 29... Ne4 30. Qb2 Rc8 31. bxa5 bxa5 32. h5 Rb8 $36 {[%mdl 2048] Keeping White busy.} 33. Qc1 (33. Qc2 $17 {was called for.}) 33... Qa2 $19 34. Rf1 Rec8 35. Qf4 $2 {[%mdl 8192]} (35. Nc6 $17 Rc7 36. Nfe5) 35... Rb1 {( -> ...Qxf2+). Black is clearly winning.} 36. Nh2 Nd2 37. Ng6 Nxf1 38. Nxf1 {[#]} Rxf1+ $1 {Precision: White = 33%, Black = 89%.} 0-1

[Event "8th Danzhou Super GM 2017"]
[Site "Hainan"]
[Date "2017.07.12"]
[Round "4"]
[White "Naiditsch, Arkadij"]
[Black "Wang, Hao"]
[Result "1/2-1/2"]
[WhiteElo "2712"]
[BlackElo "2698"]
[Annotator "TA"]
[PlyCount "93"]
[EventDate "2017.??.??"]
[EventCountry "CHN"]
[SourceTitle "playchess.com"]
[Source "ChessBase"]
[SourceQuality "1"]

{[%evp 17,93,16,23,17,21,16,12,17,16,14,27,5,11,14,14,12,11,-2,0,0,4,17,10,10,20,0,11,11,33,10,16,7,20,0,16,0,15,0,20,0,0,0,0,0,0,0,8,11,5,5,6,12,9,0,0,0,0,0,0,0,0,0,0,0,0,0,0,0,0,0,0,0,0,0,0,0,0,0]} 1. e4 e5 2. Nf3 Nf6 3. Nxe5 d6 4. Nf3 Nxe4 5. d4 d5 6. Bd3 Be7 7. O-O Bf5 8. Re1 O-O 9. c4 Nc6 10. Nc3 {C42: Petroff Defence: 3 Nxe5 and unusual White 3rd moves} Nxc3 11. bxc3 Bxd3 12. Qxd3 dxc4 13. Qxc4 Qd7 14. d5 (14. Bf4 Bd6 15. Bxd6 cxd6 16. Re2 d5 17. Qd3 Rae8 {½-½ (40) Predke,A (2550)-Zvjaginsev,V (2677) Kolomna 2016}) 14... Na5 15. Qd3 Rae8 $146 ({Predecessor:} 15... Rfe8 16. Bf4 f6 17. Re6 Bf8 {½-½ (38) Zhuravlev,K-Shubin,V (2129) ICCF email 2010}) 16. Be3 b6 17. Ne5 Qc8 18. h3 Bd6 19. Nf3 h6 20. c4 Nb7 {[%cal Ba5b7,Bb7c5,Bc5e4][%mdl 32]} 21. Re2 Nc5 22. Qc2 Qd7 23. Rae1 Qa4 {The position is equal.} 24. Qc3 Ne4 25. Qb3 Nc5 26. Qc3 Ne4 27. Qb3 Nc5 28. Bxc5 Qxb3 29. axb3 Rxe2 30. Rxe2 Bxc5 $11 {[%mdl 4096] Endgame KRB-KRN} 31. Ne5 a5 (31... Ra8 {feels hotter.} 32. Nc6 a5 33. Kf1 g5 34. Ra2 Bd6) 32. Nd7 Ra8 33. Nxc5 bxc5 {KR-KR} 34. Ra2 Kf8 35. Kf1 Ke7 36. Ke2 Kd6 37. Kd3 c6 38. dxc6 Kxc6 39. g4 Rd8+ 40. Kc3 Rd4 41. Rxa5 Rf4 $1 42. Kd3 Rxf2 43. Ke4 Re2+ 44. Kf4 Rf2+ 45. Ke4 Re2+ 46. Kf4 Rf2+ (46... Rh2 $5 {[%cal Rh2h3]}) 47. Ke4 {Precision: White = 55%, Black = 76%.} 1/2-1/2

[Event "8th Danzhou Super GM 2017"]
[Site "Hainan"]
[Date "2017.07.13"]
[Round "5"]
[White "Wei, Yi"]
[Black "Yu, Yangyi"]
[Result "1-0"]
[WhiteElo "2738"]
[BlackElo "2753"]
[Annotator "TA"]
[PlyCount "127"]
[EventDate "2017.??.??"]
[EventCountry "CHN"]
[SourceTitle "playchess.com"]
[Source "ChessBase"]
[SourceQuality "1"]

{[%evp 12,127,49,12,20,17,19,18,8,0,18,12,19,14,18,24,20,37,16,26,22,19,91,90,85,69,104,0,0,0,0,0,111,27,29,18,29,35,46,28,26,28,51,54,43,29,107,112,112,108,118,118,118,118,118,118,124,118,118,118,120,117,118,117,118,117,118,117,118,118,118,118,119,117,117,117,117,112,134,118,132,112,112,0,133,112,112,104,104,104,104,104,118,129,261,261,431,424,424,424,531,516,447,447,572,444,774,759,721,705,5099,5099,5099,5092,5092,5092,5069,5069]} 1. e4 e5 2. Nf3 Nf6 3. Nxe5 d6 4. Nf3 Nxe4 5. d4 d5 6. Bd3 Be7 7. c4 Bb4+ {C42: Petroff Defence: 3 Nxe5 and unusual White 3rd moves} 8. Kf1 (8. Nbd2 O-O 9. O-O Bf5 10. Nb3 dxc4 11. Bxc4 Nc6 12. Bd3 Bg6 13. a3 Bd6 14. Re1 f5 15. Qc2 {0-1 (33) Caruana,F (2727)-Giri,A (2714) Reggio Emilia 2011}) 8... O-O 9. a3 $146 ({Predecessor:} 9. Qb3 c5 10. cxd5 Bf5 11. g4 Bg6 12. h4 Nd6 13. dxc5 Bxc5 14. h5 Bxd3+ 15. Qxd3 {½-½ (65) Kudela,S (2456)-Bobykin,K (2336) ICCF email 2011}) 9... Be7 {The position is equal.} 10. cxd5 Nf6 11. Nc3 Nbd7 12. h4 Nb6 13. Bg5 Nfxd5 14. Qc2 h6 15. Re1 Re8 (15... hxg5 16. Bh7+ Kh8 17. hxg5 $18) 16. Ne5 {White wants to play Bxh6.} Bxg5 (16... Bf6 $1 $11) 17. hxg5 $16 Qxg5 18. Bh7+ $1 Kf8 19. Nxd5 (19. Ne4 $1 $16 {[%cal Re4g5]} Qd8 20. Qb3) 19... Nxd5 $11 20. Qc5+ Ne7 21. Re3 $40 {[%mdl 128] Black must now prevent Rf3. White mounts an attack.} Bf5 (21... Be6 $11) 22. Rh5 ({Better is} 22. Bxf5 $1 $16 Qxf5 23. Rh5 $1 {[%mdl 512]}) 22... Qxh5 {[#]} 23. Nd7+ $1 {[%mdl 512]} Bxd7 24. Qxh5 Rad8 25. Qc5 {[%mdl 1024] White has compensation.} Bc6 26. Bc2 a6 27. Bb3 Rd6 28. Qh5 {[%csl Gb3][%cal Rh5f7]} Nd5 (28... Rg6 $11 {remains equal.}) 29. Rxe8+ $16 Kxe8 30. Qg4 g6 31. Bxd5 Rxd5 {[%mdl 4096] Endgame KQ-KRB} 32. Qc8+ Ke7 33. Qxc7+ Kf6 34. Qf4+ Kg7 35. f3 a5 36. b3 h5 37. Kf2 Rb5 38. Qe3 Rd5 39. Ke1 Rf5 40. Qe7 Rd5 41. Qc7 Rf5 42. Qh2 Bd7 43. Kd2 Be6 44. Kc3 Bd5 45. b4 Bc6 46. Kb3 Bd5+ 47. Kc3 Bc6 $1 48. Qh4 axb4+ 49. Kxb4 Rd5 50. Kc4 Rf5 51. Qd8 Bb5+ {[#]} 52. Kb4 $1 {Hoping for g4.} Bf1 (52... Bc6 $16 53. Kc3 Rb5) 53. g4 $18 Rb5+ $2 (53... Rxf3 {keeps fighting.} 54. gxh5 Rd3 55. hxg6 Kxg6) 54. Kc3 {White is clearly winning.} hxg4 55. a4 Rf5 56. fxg4 Rf3+ 57. Kb4 Rf4 58. Kc5 Bg2 (58... Rxg4 $142 59. Qe7 Ba6) 59. Qg5 Re4 60. d5 {[%cal Bd4d5,Bd5d6][%mdl 32]} Rxa4 61. Qe5+ Kf8 62. Qh8+ Ke7 63. d6+ Kd7 64. Qb8 {Precision: White = 76%, Black = 59%.} 1-0

[Event "8th Danzhou Super GM 2017"]
[Site "Hainan"]
[Date "2017.07.13"]
[Round "5"]
[White "Le, Quang Liem"]
[Black "Naiditsch, Arkadij"]
[Result "1/2-1/2"]
[WhiteElo "2726"]
[BlackElo "2712"]
[Annotator "TA"]
[PlyCount "97"]
[EventDate "2017.??.??"]
[EventCountry "CHN"]
[SourceTitle "playchess.com"]
[Source "ChessBase"]
[SourceQuality "1"]

{[%evp 13,97,25,46,46,38,34,68,39,61,62,72,76,79,66,77,68,69,68,74,70,87,65,88,58,108,104,101,84,107,109,102,89,102,117,137,129,119,52,52,0,0,11,9,12,12,0,0,0,0,0,0,0,0,0,0,0,0,0,0,0,0,0,0,0,0,0,0,0,0,0,0,0,0,0,0,0,0,0,0,0,0,0,0,0,0,0]} 1. d4 Nf6 2. c4 g6 3. Nc3 Bg7 4. e4 d6 5. Be2 O-O 6. Bg5 Na6 7. Qd2 c6 {LiveBook: 67 Games} 8. Rd1 {E73: King's Indian: Averbakh Variation without 6...c5} (8. Nf3 e5 9. O-O exd4 10. Nxd4 Nc5 11. Bf3 Re8 12. Rfe1 Qb6 13. Rad1 Nfd7 14. Be3 a5 15. h3 a4 16. Qc2 Qb4 17. a3 Qa5 18. Be2 Nb6 {½-½ (54) Granda Zuniga,J (2667)-Pichot,A (2523) Bilbao 2015}) 8... Nc7 9. Bf3 $146 ({Predecessor:} 9. Nf3 d5 10. Bxf6 exf6 11. exd5 cxd5 12. c5 Re8 13. O-O h5 14. h3 Kh7 15. Rfe1 Bf5 {½-½ (36) Krizsany,L (2445)-Radnai,A (2313) Hungary 2013}) 9... Be6 10. b3 {White is slightly better.} Qc8 11. h3 b5 12. cxb5 cxb5 13. Nge2 b4 14. Na4 Rb8 15. Rc1 Qd8 16. O-O Bd7 17. Nb2 Bb5 18. Rfd1 Nd7 {[#]} 19. Bxe7 $1 {[%mdl 512]} Qxe7 20. Rxc7 Qd8 21. Rc2 ({Reject} 21. Rxa7 $6 Qb6 $11) 21... Re8 22. Nc4 Nf6 {[%cal Bd7f6,Bf6d5,Bd5c3][%mdl 32]} 23. Ng3 d5 24. exd5 Nxd5 25. Ne4 (25. Bxd5 $16 Qxd5 26. Nf1) 25... Re7 $14 26. Ne5 (26. a3 $14) 26... f5 $1 $36 {[%cal Rf5e4][%mdl 2048] The position is equal. Black has good play.} 27. Nc5 {[#] Hoping for Na6!} Nc3 $1 {[%cal Rc3d1]} 28. Re1 Qd6 {[%cal Rg7e5]} 29. Na4 Bxa4 30. bxa4 {Black must now prevent Nc6.} Rbe8 {[%cal Rg7e5]} 31. a5 {[%cal Ba4a5,Ba5a6][%mdl 32]} Bxe5 32. dxe5 Qxd2 33. Rxd2 Rxe5 34. Rxe5 Rxe5 {[%mdl 4096] Endgame KRB-KRN} 35. a6 Ra5 36. Rd8+ Kg7 37. Rd7+ Kf6 38. Rxa7 Rxa2 39. Rb7 Rxa6 40. Rxb4 Re6 41. Rc4 Nb5 42. g3 Rd6 43. Kf1 Nd4 44. Kg2 Nxf3 45. Kxf3 Rd3+ 46. Kg2 Rd6 47. Kf3 Rd3+ 48. Kg2 Rd6 49. Kf3 {Precision: White = 81%, Black = 78%.} 1/2-1/2